000 00398nam a2200157 a 4500
001 34784
005 20180714002956.0
008 140415s1972 sp 000 0 spa d
020 _a8471373076
041 _aspa
082 _a591.529
_bANI
245 0 0 _aANIMALES EN PELIGRO :
_bWORLD WILD LIFE FUND
260 _aESPAÑA :
_bSALVAT,
_c1972
300 _a161
650 1 4 _aZOOLOGIA
999 _c34784
_d34784